000 00978cam a2200265 4500
008 011019n2004 000 0 eng u
020 _a0632059362
035 _a(Sirsi) u115222
041 _aeng.
050 _a697
_c18
100 _aUnderwood, C. P.
245 _aModelling methods for energy in buildings
260 _aOxford
_bBlackwell
_c2004
300 _ax, 295p.
_c25cm.
350 _a69.50
520 _aReviews the various methods for modelling energy exchange and fluid flow problems in buildings. Provides comprehensive guidance for those engaged in the physical science of energy in buildings.
650 _aENERGY MODELLING
650 _aHEATING
650 _aBUILT ENVIRONMENT-BUILDING ELEMENTS-COMPLETE BUILDING SERVICES ELEMENTS-COMPLETE HEATING, VENTILATION AND AIR CONDITIONING SYSTEMS
650 _aVENTILATION
650 _aENERGY CONSUMPTION
690 _aBUILDING AND CONSTRUCTION-ENERGY MANAGEMENT
700 _aYik, F.
942 _n0
999 _c101735
_d101735